Регионална библиотека "Любен Каравелов" - Русе

Вук Караджич и Л. Каравелов (Запис номер 167918)

MARC детайли
000 -Лидер
Контролно поле с фиксирана дължина 01761nam a2200457 a 4500
003 - Код на организацията, давaща контролен номер
Контролно поле BLK
005 - Дата и час на последна редакция
Контролно поле 20250201005444.0
008 - Елементи от данни с фиксирана дължина
fixed length control field 180411b bul|||||r ||||||| ||bul||
010 ## - Наследен системен номер
LC control number KNG00175767000
040 ## - Източник на каталожния запис
Идентификатор на билиотеката - собственик на записа BLK
041 ## - Код за език
Код за езика на текст/звукозапис или на отделно заглавие Български
Код за езика КДБФ Български
072 #7 - Код за тематичната категория
Код организация bullib
Код за тематична категория К
Текст Краезнание
080 ## - УДК
Текстов определител УДК Българска литература
УДК код - определител по УДК 821.163.2
УДК - код + определител 821.163.2
080 ## - УДК
Текстов определител УДК Сръбска литература
УДК код - определител по УДК 821.163.41
УДК - код + определител 821.163.41
139 ## - Редно поле
Редна дума Константинов, Георги
Авторски знак Констан - К 82
245 10 - Сведения за заглавието
Заглавие Вук Караджич и Л. Каравелов
Редно поле (дума) Георги Константинов
257 ## - Страна на издаване
Страна на създаване/издаване България
260 ## - Област на издателските данни
Място на издаване, разпространение и проч. София
Име на издателя, разпространителя и проч. б. и.
Година на издаване 1938
Печатница София : П. Глушков
9 (RLIN) 441842
300 ## - Физическа характеристика
Страници 64 с.
Размери/Мащаб 18 см
380 ## - Жанр
Жанр Литературознание
490 ## - СЕРИИ (Колекции)
Име на серия Южнославянска библиотека
№: серия № 1
9 (RLIN) 208116
500 ## - Общи забележки
Забележка Парал. текст на бълг. и сърбохърв. ез. - На кор. Югославянска библиотека 1
600 14 - Име на лице, използвано като предмет
За него / За нея Караджич, Вук Стефанович
9 (RLIN) 296022
650 #0 - Допълнително описание по предмет – тема
Основно описание – тема или топоним Писатели, български
9 (RLIN) 241944
653 ## - Ключова дума – ненормативна
Ключова дума български писатели
653 ## - Ключова дума – ненормативна
Ключова дума сръбски език
653 ## - Ключова дума – ненормативна
Ключова дума сръбски писатели
653 ## - Ключова дума – ненормативна
Ключова дума Вук Караджич
653 ## - Ключова дума – ненормативна
Ключова дума Любен Каравелов
659 ## - Тематичен бюлетин
Тематичен бюлетин К
700 ## - Други автори (авторска отговорност)
Лично име Константинов, Георги
Друга информация Христов, Георги Константинов
9 (RLIN) 364908
852 ## - Местоположение
Форматна сигнатура Цб 8.180.4251
Фондова буква Хранилище
852 ## - Местоположение
Форматна сигнатура К 8/К 82 Гв
856 4# - Електронен адрес и достъп
Електронен формат pdf - файл
856 4# - Електронен адрес и достъп
Електронен формат pdf - файл
999 ## - СИСТЕМНИ КОНТРОЛНИ НОМЕРА
Koha biblionumber 167918
Koha biblioitemnumber 167918
942 ## - АРТИКУЛИ
Вид на библиотечния материал Книги
Скрит в OPAC Не
Периодичен библиозапис Да
944 ## - СЪЗДАВАНЕ И РЕДАКЦИЯ на ЗАПИСА
Създаване/Редакция Създаване
Дата на регистрацията/редакция 25.05.2015
Служител, извършил регистрацията/редакцията
Статус, дата на статуса CRON CRON
944 ## - СЪЗДАВАНЕ И РЕДАКЦИЯ на ЗАПИСА
Създаване/Редакция Редакция
Дата на регистрацията/редакция 11.08.2015
Служител, извършил регистрацията/редакцията Валя_Йорданова
999 ## - СИСТЕМНИ КОНТРОЛНИ НОМЕРА
Koha biblioitemnumber 167918
999 ## - СИСТЕМНИ КОНТРОЛНИ НОМЕРА
Koha biblioitemnumber 167918
Наличности
Код за отписване Код за изгубен артикул Източник на класификационната схема Код за повреда Коз за рестрикции Код за отдаване Артикулен № Име на библиотеката - собственик Име на библиотеката, в която се намира в момента Статус (Текущо местоположение) Дата на вписване в системата Местоположение - отдел Цена в лева Инвентарен номер Систематично азбучна сигнатура Баркод Номер на екземпляра Цена в евро Служебна бележка Служебен тип на артикула
  Не е изгубен Universal Decimal Classification Не е повреден без рестрикции ползва се в читалня 283011 Регионална библиотека "Любен Каравелов" Русе Регионална библиотека "Любен Каравелов" Русе Краезнание 1938-01-01 Краезнание 0.30 3257/61 К 8/К 82 Гв 900000003757 1 0.15 N: Сф Дата: 01.01.1938 Дата инв: 06.11.2017 Бележки инв: К2017 Книги
  Не е изгубен Universal Decimal Classification Не е повреден само за читалня ползва се в читалня 283012 Регионална библиотека "Любен Каравелов" Русе Регионална библиотека "Любен Каравелов" Русе Хранилище 1938-01-01 Основен фонд - ползва се само за читалня 0.05 4251 Цб 8.180.4251 900000068622 2 0.03 N: Сф Дата: 01.01.1938 Книги
Vip Innovations Ltd, Rousse, Bulgaria 2025